000 00764nam a2200193Ia 4500
001 8338
003 GE_BSU
008 181216s||||||||xx |||||||||||||| ||und||
040 _cGE_BSU
245 _aლიტერატურული პალიტრა. №12.დეკემბერი(111)2013.
245 _cპროექტ.ავტ.თამარ მამაცაშვილი.მთ. რედ. ზ. ჩხეიძე
260 _aთბილისი
260 _bმედია პალიტრა
260 _c2013
300 _a174გვ;28სმ.
520 _aჟურნალი გამოდის თვეში ერთხელ.
653 _aლიტერატურული პალიტრა
942 _cCR
999 _c41665
_d41665